| 000 | 00613nam a2200217Ia 4500 | ||
|---|---|---|---|
| 001 | 28511 | ||
| 003 | 93576 | ||
| 005 | 20251029075802.0 | ||
| 008 | ||||||n9999 ||| || || | ||
| 041 | _aspa | ||
| 245 | 0 | _aMetodologia aplicada al conocimiento del cliente institucional | |
| 260 |
_aBogotá : _bEscuela Superior de Administración Pública - ESAP, _c1995. |
||
| 300 | _a66p | ||
| 500 | _aTesis | ||
| 562 | _e1 | ||
| 650 | 0 |
_aFunción pública _96819 |
|
| 650 |
_aRELACIONES CON LOS USUARIOS _916580 |
||
| 650 | 0 |
_aTesis y disertaciones académicas _93 |
|
| 650 |
_y1995 _940823 |
||
| 942 | _cTESIS | ||
| 999 |
_c28511 _d28511 |
||